00787nam a2200193 a 450000100100000000500170001000800410002704000250006808200150009324501010010826000610020930000200027070000330029070000250032370000290034870000270037795201720040499900170057600004583820201002052456.0150519s1981 dr 000 0 spa d aDO-SdBNPbspacBNPHU axxxxbxxxx00aLineamiento para el estudio de las clases sociales en el Ecuador /cAlberto Moreno... [et. al.]. aSanto Domingo :bCuaderno de Apoyo a la Docencia,c1981. a39 p. ;c21 cm.12aRutinel, José Ulise97391212aBelmar, Jaime97391312aVillegas, Oswaldo97391412aMoreno, Alberto973915 0010718PDaPDbPDcCTd2015-05-19iLF1l0oxxxx xxxxp45838-10r2020-06-25w2020-06-25yLFPDzPerteneció a la biblioteca personal de Erick Landestoy.ZNo se presta c45327d45327